Compensation panic (Record no. 117269)

MARC details
000 -LEADER
fixed length control field 01091cam a2200217 4500
001 - CONTROL NUMBER
control field ABS67742
008 - FIXED-LENGTH DATA ELEMENTS--GENERAL INFORMATION
fixed length control field 040428n2004 000 0 eng u
035 ## - SYSTEM CONTROL NUMBER
System control number (Sirsi) u126053
100 ## - MAIN ENTRY--PERSONAL NAME
Personal name Bell, J.
245 ## - TITLE STATEMENT
Title Compensation panic
260 ## - PUBLICATION, DISTRIBUTION, ETC.
Date of publication, distribution, etc. 2004
490 ## - SERIES STATEMENT
Series statement Construction News
Volume/sequential designation (6859) 25 March 2004, 28(1)
520 ## - SUMMARY, ETC.
Summary, etc. Looks at increases in insurance costs, arguing they are not the direct result of the growth of the compensation culture. Points out that personal injury litigation is not increasing and people often decide not to claim even when their case is likely to succeed. Concludes that recent increases in insurance costs are largely the result of chronic under-pricing by insurers keen to maintain or increase their market share. Suggests insurers, employers and trades unions should work together to reduce accidents on construction sites and reward safety-conscious firms.
590 ## - LOCAL NOTE (RLIN)
Local note ABS
590 ## - LOCAL NOTE (RLIN)
Local note ABS
650 ## - SUBJECT ADDED ENTRY--TOPICAL TERM
Topical term or geographic name entry element COMPENSATION CLAIMS
650 ## - SUBJECT ADDED ENTRY--TOPICAL TERM
Topical term or geographic name entry element CONSTRUCTION SITES
650 ## - SUBJECT ADDED ENTRY--TOPICAL TERM
Topical term or geographic name entry element PERSONAL INJURY CLAIMS
690 ## - LOCAL SUBJECT ADDED ENTRY--TOPICAL TERM (OCLC, RLIN)
Topical term or geographic name as entry element INSURANCE
9 (RLIN) 6249
942 ## - ADDED ENTRY ELEMENTS (KOHA)
Suppress in OPAC 0
Holdings
Withdrawn status Lost status Source of classification or shelving scheme Damaged status Not for loan Home library Current library Shelving location Date acquired Total Checkouts Full call number Barcode Date last seen Copy number Price effective from Koha item type
    Dewey Decimal Classification     London London Journal article 28/04/2004   ABS67742 126053-1001 06/08/2019 1 06/08/2019 Journal article